WWE SummerSlam Main Eventers - Statistics

General Stats
  • This quiz has been taken 1,157 times
    716 since last reset
  • The average score is 35 of 54
Answer Stats
Main Events Last Main Evented Wrestler % Correct
7 2021 John Cena
97%
5 2023 Roman Reigns
97%
9 2022 Brock Lesnar
96%
4 2016 Randy Orton
93%
4 2005 Hulk Hogan
92%
5 2015 The Undertaker
92%
4 2012 Triple H
91%
3 2005 Shawn Michaels
89%
1 2019 Seth Rollins
88%
3 2002 The Rock
87%
3 2010 Edge
86%
1 1994 The Fake Undertaker
86%
2 2011 CM Punk
85%
1 2024 Cody Rhodes
84%
2 1999 Stone Cold Steve Austin
83%
3 2010 Bret Hart
82%
2 2013 Daniel Bryan
80%
2 2010 Chris Jericho
77%
1 2023 Jey Uso
77%
2 1989 Randy Savage
73%
1 2004 Chris Benoit
72%
1 2020 Bray Wyatt
71%
1 2000 Kurt Angle
71%
2 1991 The Ultimate Warrior
71%
2 2003 Kevin Nash
67%
1 2010 Wade Barrett
67%
1 2009 Jeff Hardy
66%
1 1999 Mankind
64%
2 2020 Braun Strowman
63%
1 2024 Solo Sikoa
60%
1 1993 Yokozuna
60%
1 1988 Andre the Giant
59%
1 2003 Goldberg
58%
1 2010 Heath Slater
58%
1 2010 Justin Gabriel
58%
1 2010 David Otunga
56%
1 2001 Booker T
52%
1 1988 Ted DiBiase
51%
1 2017 Samoa Joe
49%
1 1993 Lex Luger
48%
1 2010 R-Truth
48%
1 2010 John Morrison
46%
1 1991 Sgt. Slaughter
46%
1 2010 Darren Young
45%
1 2010 Skip Sheffield
45%
1 1992 The British Bulldog
44%
1 2010 Michael Tarver
42%
1 1996 Vader
39%
1 1990 Rick Rude
37%
1 1995 King Mabel
34%
1 1989 Brutus Beefcake
28%
1 1989 Zeus
27%
1 1991 Colonel Mustafa
26%
1 1991 General Adnan
26%
No matching quizzes found
Score Distribution
Percent of People with Each Score
Percentile by Number Answered
Your Score History
You have not taken this quiz since the last reset